Fundamentalismos y diálogo entre religiones
Na minha lista:
| Autor principal: | |
|---|---|
| Formato: | Livro |
| Idioma: | espanhol |
| Publicado em: |
Madrid
Trotta
2004
|
| Edição: | 1a. ed |
| Assuntos: | |
| Tags: |
Adicionar Tag
Sem tags, seja o primeiro a adicionar uma tag!
|
MARC
| LEADER | 00000cam a2200000 a 4500 | ||
|---|---|---|---|
| 001 | UCD4345 | ||
| 003 | CL-VaPUC | ||
| 008 | 160708e20040000sp |||||||||||||||||spa|d | ||
| 020 | |a 8481647020 | ||
| 082 | 0 | 4 | |a 230 |b TAM |2 21 |
| 100 | 0 | |a Tamayo Acosta, Juan José |e author |9 588026 | |
| 245 | 1 | 0 | |a Fundamentalismos y diálogo entre religiones |
| 250 | |a 1a. ed | ||
| 300 | |a 309 p | ||
| 942 | |c BK | ||
| 945 | |d 20160708 23:22:00 |a dcastane | ||
| 260 | |a Madrid |b Trotta |c 2004 | ||
| 650 | 0 | |a Cristianismo |9 257361 | |
| 650 | 7 | |a RELIGION COMPARADA |2 CL-VaPUC |9 588027 | |
| 583 | |a last modification |c 20160708 23:22:00 |k Rodrigo Vera | ||
| 999 | |c 365267 |d 365265 | ||
| 952 | |0 0 |1 0 |3 erb |4 0 |6 230_000000000000000_TAM_2004 |7 0 |8 A |9 479059 |a BIBTEO |b BIBTEO |i 5296331 |o 230 TAM 2004 |p 5296331 |r 2025-01-17 |w 2019-11-24 |y BK |z Catalogado en:20160708 |k ICR | ||